Sesión académica en homenaje a Su Santidad el Papa Pio XII
Colección:
San Jorge,
; núm. 22 (abril 1956), pàg 53
Materias:
Pius -- XII, -- papa, -- 1876-1958
; Escola Universitària d'Enginyeria Tècnica en Teixits de Punt (Canet de Mar)
; Congressos i conferències
Idioma:
Español
MARC
| LEADER | 00000naa a2200000 a 4500 | ||
|---|---|---|---|
| 003 | Arxiu | ||
| 005 | 20260324181508.0 | ||
| 008 | 160829s1956 spcaxx s spa c | ||
| 040 | |a AGDB | ||
| 245 | 0 | 0 | |a Sesión académica en homenaje a Su Santidad el Papa Pio XII |
| 490 | |a San Jorge, |v núm. 22 (abril 1956), pàg 53 | ||
| 600 | 0 | 0 | |a Pius |b XII, |c papa, |d 1876-1958 |9 55602 |
| 610 | 2 | 0 | |a Escola Universitària d'Enginyeria Tècnica en Teixits de Punt (Canet de Mar) |9 54348 |
| 650 | 0 | |a Congressos i conferències |9 48301 | |
| 773 | |g Núm. 22 (abril 1956), pàg 53 |t San Jorge. | ||
| 901 | |a Arxiu | ||
| 942 | |n 1 |2 udc |c ART | ||
| 952 | |0 0 |1 0 |4 0 |6 REV511 |7 1 |9 66322 |a Arxiu |b Arxiu |d 2023-05-15 |l 0 |o Rev-511 |r 2023-05-15 00:00:00 |w 2023-05-15 |y ARXIU |z També disponible a Rev-525 | ||
| 999 | |c 48994 |d 48994 | ||